| 000 | 00610nam a22001937a 4500 | ||
|---|---|---|---|
| 005 | 20251108172857.0 | ||
| 008 | 250721s2004 xx 000 0 ara d | ||
| 082 | 1 | 4 | _a649.5/ لعب |
| 245 | 1 | 0 | _aاللعب في حياة الأطفال / |
| 264 | 1 |
_aعمان : _bالأخوة للنشر و التوزيع، _c2004. |
|
| 300 | _a204 ص. | ||
| 650 | 1 | 7 | _aلعب الأطفال |
| 650 | 1 | 7 | _aرعاية الطفولة |
| 650 | 1 | 7 | _aألعاب الأطفال |
| 650 | 1 | 7 | _aالأطفال |
| 710 | 2 | _aقسم الترجمة و التحقيق في دار الأخوة | |
| 942 |
_2ddc _cBK |
||
| 999 |
_c90685 _d90685 |
||